000 00521nam a2200193Ia 4500
999 _c3486
_d3486
003 GBCCL
005 20241126110456.0
008 171128b xxu||||| |||| 00| 0 eng d
020 _a978-1-888810-40-0
040 _cgbc
082 _a262.1
_bWEB
100 _aWebber, Malcolm
_97029
245 _aLeadership /
_cMalcolm Webber
260 _bStrategic Press,
_aElkhart:
_c2002
300 _a108p.;
_c23 cm.
440 _aSpiritBuilt Leadership
_v1
_910954
650 _aChristian Leadership
_91568
942 _eV1
_2ddc
_cBK
_07